[Event "72nd MNE-ch 2020"]
[Site "Podgorica"]
[Date "2020.09.12"]
[Round "3"]
[White "Blagojevic, Dragisa"]
[Black "Milovic, Aleksandra"]
[Result "1-0"]
[WhiteElo "2492"]
[BlackElo "2198"]
[PlyCount "137"]
[EventDate "2020.09.11"]
[EventType "swiss"]
[EventRounds "9"]
[EventCountry "MNE"]
[TimeControl "5400+30"]

1. d4 Nf6 2. c4 e6 3. Nf3 d5 4. g3 Be7 5. Bg2 O-O 6. O-O dxc4 7. Qc2 Nc6 8. Qxc4 Qd5 9. Qxd5 Nxd5 10. Bd2 Bf6 11. e3 Nb6 12. Nc3 Rd8 13. Ne4 Be7 14. Rfc1 f5 15. Nc5 Bf6 16. Nd3 Nd5 17. b4 a6 18. Rab1 Nce7 19. Nfe5 c6 20. Kf1 Ng6 21. Nc4 Rb8 22. Ke2 Nf8 23. Na5 g5 24. a4 Ne7 25. b5 axb5 26. axb5 cxb5 27. Rxb5 b6 28. Rcb1 Nd7 29. Nc6 Nxc6 30. Bxc6 Ba6 31. Bxd7 Rxd7 32. Rxb6 Rxb6 33. Rxb6 Bc4 34. Rc6 Bd5 35. Rc8+ Kg7 36. f3 Ra7 37. Nb4 Bb3 38. Bc3 h5 39. e4 g4 40. Ke3 gxf3 41. Kxf3 Bd1+ 42. Kf4 fxe4 43. Kxe4 Bg4 44. Rc6 Bf5+ 45. Kf4 Ra3 46. h4 Kg6 47. Ke3 Rb3 48. Nd3 Bg7 49. Nf4+ Kf7 50. Rc7+ Kf8 51. Nxh5 Bh6+ 52. Nf4 Rb1 53. Rc6 Ke7 54. d5 Bxf4+ 55. Kxf4 Rf1+ 56. Ke5 exd5 57. Bb4+ Ke8 58. h5 Bg4 59. h6 Rf5+ 60. Kd4 Rh5 61. Rf6 Bd1 62. Ke3 Bc2 63. g4 Rh3+ 64. Kf4 d4 65. g5 Rb3 66. g6 Bxg6 67. Rxg6 Rxb4 68. h7 d3+ 69. Ke3 1-0

[Event "72nd MNE-ch 2020"]
[Site "Podgorica"]
[Date "2020.09.12"]
[Round "3"]
[White "Kalezic, Blazo"]
[Black "Nikac, Predrag"]
[Result "1/2-1/2"]
[WhiteElo "2448"]
[BlackElo "2312"]
[PlyCount "33"]
[EventDate "2020.09.11"]
[EventType "swiss"]
[EventRounds "9"]
[EventCountry "MNE"]
[TimeControl "5400+30"]

1. e4 c5 2. Nf3 Nc6 3. Nc3 e6 4. d4 cxd4 5. Nxd4 a6 6. Be2 Qc7 7. O-O Nf6 8. Kh1 Nxd4 9. Qxd4 Bc5 10. Qd3 h5 11. f4 Ng4 12. e5 d5 13. exd6 Qxd6 14. Qg3 f5 15. Bxg4 hxg4 16. Be3 Bd7 17. Rad1 1/2-1/2

[Event "72nd MNE-ch 2020"]
[Site "Podgorica"]
[Date "2020.09.12"]
[Round "3"]
[White "Tomic, Aleksandar"]
[Black "Djukic, Nikola"]
[Result "0-1"]
[WhiteElo "2373"]
[BlackElo "2525"]
[Annotator "TA"]
[PlyCount "82"]
[EventDate "2020.09.11"]
[EventType "swiss"]
[EventRounds "9"]
[EventCountry "MNE"]

{[%evp 22,82,-18,-21,-23,-24,-20,-41,-38,-24,-39,-26,-11,-134,-93,-95,-99,-83,-95,-140,-89,-105,-66,-120,-119,-129,-129,-129,-128,-145,-114,-156,-67,-153,-85,-90,-48,-39,-47,-40,-51,-177,-171,-226,-200,-194,-187,-184,-190,-187,-164,-210,-86,-287,-282,-399,-391,-452,-458,-571,-473,-606,-601]} 1. d4 Nf6 2. c4 g6 3. Nc3 d5 4. Bg5 Bg7 5. Nf3 c5 6. cxd5 Nxd5 7. e3 cxd4 8. exd4 Nc6 9. Qb3 Nxc3 10. bxc3 O-O 11. Be2 b6 12. O-O Bb7 {A35: Symmetrical English: 2 Nc3 Nc6 3 Nf3.} 13. Rfe1 Qd6 14. Rad1 Rac8 {Black is slightly better.} 15. Bh4 e6 16. Bg3 Qd8 {[#]} 17. c4 $146 (17. Qb2 $11 {keeps the balance.}) ({Predecessor:} 17. Qa3 Qd5 18. Bf1 Rfd8 19. h3 Qa5 20. Qb2 Ne7 21. Bh4 Bxf3 22. Bxe7 Bxd1 23. Rxd1 {0-1 (41) Chatalbashev,B (2527)-Nguyen,P (2393) Vilnius 2018}) 17... Na5 ({Much less strong is} 17... Bxd4 18. Qa4 $15) 18. Qa4 Bc6 $36 {[%mdl 2048] Keeping White busy.} 19. Qa3 {[#]} Nxc4 $1 {[%mdl 512]} 20. Qxa7 {[#]} (20. Bxc4 Bxf3) 20... Bd5 (20... Ra8 $142 $1 {[%cal Ra8a7]} 21. Qc7 Qxc7 22. Bxc7 b5) 21. Bxc4 $17 Bxc4 22. a3 (22. Rb1 $15) 22... Bd5 23. Bh4 Qc7 24. Qxc7 Rxc7 25. Ne5 Ra8 26. Rb1 f6 (26... h5 $17 {Strongly threatening ...g5.} 27. Bg3 Rb7) 27. Nd3 (27. Ng4 $15) 27... Rxa3 ({Better is} 27... Rc3 28. Nf4 Ba2) 28. Nf4 Rc6 {Hoping for ...Ba2.} 29. Nxd5 exd5 30. Re8+ Kf7 31. Rbe1 {[#]} (31. Rd8 $15) 31... Ra7 $1 $19 32. h3 (32. Bg3 $142) 32... Rc4 33. Rb8 Rxd4 34. Bg3 Rb4 35. Bd6 Rb5 36. f4 Rd7 (36... f5 $19 {has better winning chances. Threatens to win with ...d4.} 37. Be5 Re7) 37. Ba3 $2 (37. Rbe8 $17) 37... Bh6 38. Rbe8 (38. Bc1 $142) 38... Bxf4 39. Rh8 Kg7 {Black is clearly winning.} 40. Ree8 Ra7 {And now ...Rb1+ would win.} 41. Reg8+ Kh6 {Accuracy: White = 43%, Black = 61%.} 0-1

[Event "72nd MNE-ch 2020"]
[Site "Podgorica"]
[Date "2020.09.12"]
[Round "3"]
[White "Podlesnik, Bogdan"]
[Black "Draskovic, Luka"]
[Result "1/2-1/2"]
[WhiteElo "2354"]
[BlackElo "2472"]
[Annotator "RC"]
[PlyCount "79"]
[EventDate "2020.09.11"]
[EventType "swiss"]
[EventRounds "9"]
[EventCountry "MNE"]
[TimeControl "5400+30"]

1. e4 c5 2. Nf3 e6 3. d4 cxd4 4. Nxd4 Nc6 5. Nc3 Qc7 6. f4 a6 7. Be2 b5 8. Nxc6 Qxc6 9. Bf3 Bb7 10. Be3 Rc8 11. a3 Qc7 12. Qd3 b4 13. axb4 Bxb4 14. O-O Ne7 15. Bd4 Bc5 16. Bxc5 Qxc5+ 17. Kh1 Rc7 18. e5 Bxf3 19. Qxf3 O-O 20. Rxa6 Nd5 21. Nxd5 exd5 22. Rd6 Qxc2 23. Qxd5 Qxb2 24. Rxd7 Rxd7 25. Qxd7 g6 26. h3 Qe2 27. Qd1 Qxd1 28. Rxd1 Ra8 29. Kh2 Ra3 30. Rd8+ Kg7 31. Rd7 Kg8 32. Rd2 h5 33. Kg1 Ra4 34. Rf2 f6 35. f5 fxe5 36. fxg6 Ra1+ 37. Kh2 Kg7 38. Rf5 Kxg6 39. Rxe5 h4 40. Re4 1/2-1/2

[Event "72nd MNE-ch 2020"]
[Site "Podgorica"]
[Date "2020.09.12"]
[Round "3"]
[White "Milovic, Jovan"]
[Black "Vujovic, Savo"]
[Result "1-0"]
[WhiteElo "2276"]
[BlackElo "2082"]
[PlyCount "57"]
[EventDate "2020.09.11"]
[EventType "swiss"]
[EventRounds "9"]
[EventCountry "MNE"]
[TimeControl "5400+30"]

1. d4 Nf6 2. Bg5 c5 3. d5 Ne4 4. h4 Qb6 5. Nd2 h6 6. Bf4 Qxb2 7. Nxe4 Qb4+ 8. Qd2 Qxe4 9. f3 Qb4 10. c3 Qa5 11. e4 d6 12. Ne2 Nd7 13. h5 Nb6 14. Rb1 e5 15. dxe6 Bxe6 16. Ng3 O-O-O 17. Rb5 Qa3 18. c4 Bxc4 19. Rxb6 Bxa2 20. Rb5 b6 21. Nf5 c4 22. Qd5 c3 23. Qc6+ Kb8 24. Rxb6+ axb6 25. Qxb6+ Kc8 26. Ba6+ Kd7 27. Bb5+ Kc8 28. Ba6+ Kd7 29. Qa7+ 1-0

[Event "72nd MNE-ch 2020"]
[Site "Podgorica"]
[Date "2020.09.12"]
[Round "3"]
[White "Musovic, Armin"]
[Black "Vuckovic, Marko"]
[Result "1-0"]
[WhiteElo "2207"]
[BlackElo "2059"]
[PlyCount "75"]
[EventDate "2020.09.11"]
[EventType "swiss"]
[EventRounds "9"]
[EventCountry "MNE"]
[TimeControl "5400+30"]

1. e4 c5 2. c3 Nf6 3. e5 Nd5 4. d4 cxd4 5. Nf3 e6 6. Bc4 Nb6 7. Bb3 Nc6 8. cxd4 d6 9. exd6 Bxd6 10. O-O O-O 11. Re1 Nd5 12. Nc3 Nxc3 13. bxc3 b6 14. Bc2 Be7 15. Qd3 g6 16. h4 Bb7 17. h5 Qd5 18. hxg6 hxg6 19. Rb1 Bf6 20. c4 Qd7 21. d5 exd5 22. cxd5 Ne7 23. d6 Nf5 24. Bf4 Rac8 25. Ne5 Qd8 26. Bb3 Bxe5 27. Bxe5 Qg5 28. Qh3 Nh4 29. Qg3 Qh5 30. d7 Rcd8 31. Bd1 Qh7 32. Bf6 Nxg2 33. Bxd8 Nxe1 34. Bh4 Qh6 35. f4 Nd3 36. Qg5 Qxg5+ 37. Bxg5 f6 38. Bxf6 1-0

[Event "72nd MNE-ch 2020"]
[Site "Podgorica"]
[Date "2020.09.12"]
[Round "3"]
[White "Bujisic, Vlastimir"]
[Black "Djurovic, Peko"]
[Result "1/2-1/2"]
[WhiteElo "2191"]
[BlackElo "2003"]
[PlyCount "75"]
[EventDate "2020.09.11"]
[EventType "swiss"]
[EventRounds "9"]
[EventCountry "MNE"]
[TimeControl "5400+30"]

1. e4 c5 2. Nf3 Nc6 3. d4 cxd4 4. Nxd4 Nf6 5. Nc3 e5 6. Ndb5 d6 7. Bg5 a6 8. Na3 b5 9. Nd5 Be7 10. Bxf6 Bxf6 11. c3 Bg5 12. Nc2 O-O 13. g3 Be6 14. Bg2 Ne7 15. Nce3 Rc8 16. h4 Bxe3 17. Nxe3 f5 18. exf5 Nxf5 19. Nxf5 Bxf5 20. a4 Qb6 21. O-O Rf6 22. axb5 axb5 23. Ra8 Rxa8 24. Qd5+ Be6 25. Qxa8+ Rf8 26. Qc6 Qxc6 27. Bxc6 Bc4 28. Rd1 Rd8 29. Bd5+ Kf8 30. b3 Bxd5 31. Rxd5 Rc8 32. Rxb5 Rxc3 33. Rb7 e4 34. Kf1 d5 35. Rd7 Rxb3 36. Rxd5 e3 37. Rf5+ Ke7 38. Re5+ 1/2-1/2

[Event "72nd MNE-ch 2020"]
[Site "Podgorica"]
[Date "2020.09.12"]
[Round "3"]
[White "Miletic, Vuk"]
[Black "Sukovic, Andrej"]
[Result "0-1"]
[WhiteElo "2159"]
[BlackElo "2261"]
[PlyCount "87"]
[EventDate "2020.09.11"]
[EventType "swiss"]
[EventRounds "9"]
[EventCountry "MNE"]
[TimeControl "5400+30"]

1. d4 Nf6 2. c4 g6 3. Nc3 Bg7 4. e4 d6 5. Nge2 c5 6. d5 b5 7. cxb5 a6 8. Ng3 O-O 9. a4 axb5 10. Bxb5 Na6 11. O-O Nb4 12. Re1 Ba6 13. Rb1 Nd7 14. f4 c4 15. Be3 Nd3 16. Rf1 N7c5 17. Nge2 Nb3 18. Bc6 Rb8 19. Nb5 e6 20. Nec3 Bb7 21. Bxb7 Rxb7 22. Qf3 exd5 23. Nxd5 Rb8 24. f5 Re8 25. f6 Bf8 26. Qg4 Nbc5 27. Nbc3 h5 28. Qh4 Qd7 29. h3 Nxa4 30. Nxa4 Qxa4 31. Bd4 Qd7 32. Rf3 Qe6 33. Nc3 Ra8 34. Rg3 Kh7 35. Be3 Ra5 36. Rg5 Re5 37. Rf1 Bh6 38. Kh1 Bxg5 39. Bxg5 Rxg5 40. Qxg5 Qe5 41. Qh4 Qd4 42. Rf5 Re5 43. Rxe5 Qxe5 44. Nd1 0-1

[Event "72nd MNE-ch 2020"]
[Site "Podgorica"]
[Date "2020.09.12"]
[Round "3"]
[White "Lazarevic, Zoran V"]
[Black "Pecurica, Milos"]
[Result "0-1"]
[WhiteElo "2132"]
[BlackElo "2359"]
[Annotator "TA"]
[PlyCount "45"]
[EventDate "2020.09.11"]
[EventType "swiss"]
[EventRounds "9"]
[EventCountry "MNE"]

{[%evp 9,45,31,40,18,24,29,21,-14,-23,-55,-44,-72,-41,-93,-37,-55,-39,-122,-126,-164,-116,-772,-420,-808,-805,-795,-797,-2227,-2121,-29987,-29988,-29987,-29987,-29989,-29990,-29990,-29991,-29998]} 1. c4 e5 2. Nc3 Nc6 3. g3 Bc5 4. Bg2 a6 5. e3 d6 6. Nge2 {A25: English Opening vs King's Indian with ...Nc6 but without early d3.} Ba7 7. d4 h5 8. O-O {The position is equal.} h4 9. b3 hxg3 10. fxg3 Bg4 {[#]} 11. dxe5 $146 (11. Qd2 $15) ({Predecessor:} 11. Nd5 Qd7 12. b4 exd4 13. Bb2 Nge7 14. Rf4 O-O-O 15. b5 Ne5 16. Bxd4 Nxd5 17. Bxd5 Bxd4 18. exd4 axb5 19. dxe5 dxe5 {½-½ (37) Thiel,K (2067)-Wood,B (1958) ICCF email 2018}) 11... Nxe5 ({Better is} 11... dxe5 $17 12. Qc2 Nf6) 12. Bxb7 $15 Rb8 13. Bg2 {[#]} (13. Be4 $15) 13... Qg5 $1 $36 {[%mdl 2048] Black is really pushing.} 14. Nd5 Qh5 15. Ndf4 $2 {[%mdl 8192] Now White is beyond hope.} (15. Kf2 $17 Nf6 16. Nxf6+ gxf6 {[#]} 17. h3 $1 {[%mdl 512]}) 15... Qxh2+ $19 16. Kf2 Nf6 {Strongly threatening ...Bf3.} 17. Ke1 g5 18. Kd2 gxf4 19. Rh1 Qxg2 {Black mates.} 20. Rxh8+ Ke7 21. Rxb8 Ne4+ 22. Kc2 Bxe2 {[%csl Ge5][%cal Re2d3]} 23. Qd5 {Accuracy: White = 44%, Black = 95%.} 0-1

[Event "72nd MNE-ch 2020"]
[Site "Podgorica"]
[Date "2020.09.12"]
[Round "3"]
[White "Karisik, Nenad"]
[Black "Mosurovic, Milena"]
[Result "1-0"]
[WhiteElo "2106"]
[BlackElo "1353"]
[PlyCount "65"]
[EventDate "2020.09.11"]
[EventType "swiss"]
[EventRounds "9"]
[EventCountry "MNE"]
[TimeControl "5400+30"]

1. e4 d5 2. exd5 Qxd5 3. Nc3 Qd8 4. d4 Nf6 5. Bc4 c6 6. Nf3 Bg4 7. Bxf7+ Kxf7 8. Ne5+ Ke8 9. Nxg4 Nbd7 10. O-O g6 11. Nxf6+ exf6 12. Re1+ Kf7 13. Qe2 Kg7 14. Bf4 Nb6 15. Rad1 Qd7 16. Ne4 Nd5 17. Nc5 Nxf4 18. Nxd7 Nxe2+ 19. Rxe2 Rd8 20. Nxf8 Rhxf8 21. c3 Rd5 22. Rde1 Rf7 23. Re7 Rd7 24. Rxd7 Rxd7 25. Kf1 Kf7 26. Re3 Rd5 27. Ke2 f5 28. Kd3 c5 29. Re5 Rxe5 30. dxe5 Ke6 31. f4 g5 32. g3 b5 33. a4 1-0

[Event "72nd MNE-ch 2020"]
[Site "Podgorica"]
[Date "2020.09.12"]
[Round "3"]
[White "Alivodic, Dario"]
[Black "Skenderovic, Ismet"]
[Result "1-0"]
[WhiteElo "2103"]
[BlackElo "1913"]
[PlyCount "65"]
[EventDate "2020.09.11"]
[EventType "swiss"]
[EventRounds "9"]
[EventCountry "MNE"]
[TimeControl "5400+30"]

1. d4 Nf6 2. c4 e6 3. Nc3 d5 4. Nf3 c6 5. Bg5 Be7 6. e3 Nbd7 7. cxd5 exd5 8. Bd3 Nh5 9. h4 h6 10. Bxe7 Qxe7 11. Qe2 Nhf6 12. O-O-O Ne4 13. Bxe4 dxe4 14. Nd2 Nf6 15. Rdg1 h5 16. Kb1 Bf5 17. Ka1 O-O-O 18. Rb1 Qb4 19. Rhc1 Kb8 20. a3 Qa5 21. Nb3 Qb6 22. Nc5 Rc8 23. b4 Nd5 24. N3xe4 Qd8 25. Rb2 b6 26. Na6+ Kb7 27. Ng5 Qe7 28. Nf3 f6 29. Qc4 Qe8 30. Nd2 Be6 31. Qd3 Qd7 32. Nb3 Rhd8 33. Nbc5+ 1-0

[Event "72nd MNE-ch 2020"]
[Site "Podgorica"]
[Date "2020.09.12"]
[Round "3"]
[White "Pobor, Danilo"]
[Black "Popadic, Dragan"]
[Result "1/2-1/2"]
[WhiteElo "2059"]
[BlackElo "2171"]
[PlyCount "25"]
[EventDate "2020.09.11"]
[EventType "swiss"]
[EventRounds "9"]
[EventCountry "MNE"]
[TimeControl "5400+30"]

1. d4 Nf6 2. Nf3 g6 3. c4 Bg7 4. Nc3 d6 5. e4 O-O 6. Be2 e5 7. Be3 Na6 8. O-O Ng4 9. Bg5 Qe8 10. h3 f6 11. Bc1 Nh6 12. Be3 c6 13. dxe5 1/2-1/2

[Event "72nd MNE-ch 2020"]
[Site "Podgorica"]
[Date "2020.09.12"]
[Round "3"]
[White "Kandic, Milojko"]
[Black "Krstonijevic, Stjepan"]
[Result "0-1"]
[WhiteElo "1961"]
[BlackElo "2098"]
[PlyCount "110"]
[EventDate "2020.09.11"]
[EventType "swiss"]
[EventRounds "9"]
[EventCountry "MNE"]
[TimeControl "5400+30"]

1. e4 c5 2. Nf3 e6 3. d4 cxd4 4. Nxd4 Nc6 5. Nc3 Qc7 6. Ndb5 Qb8 7. Be3 b6 8. Qd2 a6 9. Nd4 Nf6 10. Nxc6 dxc6 11. Bd3 Be7 12. h3 c5 13. a4 Bb7 14. f3 Qc7 15. Bc4 Bc6 16. O-O Qb7 17. Qe2 O-O 18. Rfd1 Nd7 19. Bf4 Rfd8 20. e5 Rdb8 21. Bd3 Nf8 22. Ne4 Ng6 23. Bg3 b5 24. axb5 axb5 25. Rxa8 Qxa8 26. b3 Rd8 27. Nd6 Qb8 28. Bxg6 hxg6 29. Qe3 c4 30. Qc5 Bd5 31. b4 Bxd6 32. exd6 Qb7 33. Ra1 Rd7 34. Ra5 Bc6 35. Qe5 Qb8 36. Qc5 Qb7 37. Qe5 Qb8 38. Ra6 Qb7 39. Qa1 f6 40. Qa5 e5 41. Rb6 Qc8 42. Bf2 Rxd6 43. Qa7 Kh7 44. Qe7 Re6 45. Qc5 Qd7 46. Kh2 Rd6 47. h4 Qe6 48. c3 f5 49. Bg3 f4 50. Bf2 e4 51. fxe4 Qxe4 52. Qg5 Rd5 53. Qg4 Rd3 54. h5 g5 55. Qxg5 Rg3 0-1

[Event "72nd MNE-ch 2020"]
[Site "Podgorica"]
[Date "2020.09.12"]
[Round "3"]
[White "Petrovic, Slavko"]
[Black "Koljevic, Nikolina"]
[Result "1-0"]
[WhiteElo "1909"]
[BlackElo "1870"]
[PlyCount "67"]
[EventDate "2020.09.11"]
[EventType "swiss"]
[EventRounds "9"]
[EventCountry "MNE"]
[TimeControl "5400+30"]

1. e4 c5 2. Nf3 Nc6 3. d4 cxd4 4. Nxd4 Nf6 5. Nc3 d6 6. Be2 e5 7. Nb3 Be6 8. Be3 Be7 9. Bf3 O-O 10. Nd5 Qd7 11. h3 Bd8 12. Qd2 Bxd5 13. exd5 Ne7 14. Qd3 Qf5 15. Qxf5 Nxf5 16. Nd2 e4 17. Bxe4 Nxe4 18. Nxe4 Re8 19. Nd2 Nxe3 20. fxe3 Rxe3+ 21. Kf2 Re5 22. c4 Bh4+ 23. g3 Rae8 24. Nf1 Rf5+ 25. Kg1 Bd8 26. Rh2 Bb6+ 27. Kh1 Bf2 28. b4 Re2 29. Rd1 b6 30. c5 bxc5 31. bxc5 Ree5 32. cxd6 Bc5 33. d7 Be7 34. Rc2 1-0

[Event "72nd MNE-ch 2020"]
[Site "Podgorica"]
[Date "2020.09.12"]
[Round "3"]
[White "Kalezic, Bojan"]
[Black "Petrusic, Goran"]
[Result "1/2-1/2"]
[WhiteElo "1855"]
[BlackElo "1935"]
[PlyCount "97"]
[EventDate "2020.09.11"]
[EventType "swiss"]
[EventRounds "9"]
[EventCountry "MNE"]
[TimeControl "5400+30"]

1. d4 Nf6 2. Nf3 g6 3. c4 c5 4. d5 d6 5. Nc3 Bg7 6. e4 O-O 7. Be2 Bg4 8. Nd2 Bxe2 9. Qxe2 Nbd7 10. O-O e5 11. a3 Qe7 12. b4 b6 13. Nb3 h6 14. Be3 Nh7 15. bxc5 Nxc5 16. Nxc5 bxc5 17. Qd2 g5 18. Qc2 Qd7 19. Rfb1 Rab8 20. Ne2 Rxb1+ 21. Rxb1 f5 22. exf5 Rxf5 23. Rb8+ Bf8 24. Qb3 Rf7 25. Ng3 Kg7 26. a4 Nf6 27. Qb5 Qxb5 28. Rxb5 Nd7 29. a5 Kg6 30. Ne4 g4 31. Bd2 Kf5 32. Ng3+ Kg6 33. Ne4 Kf5 34. f3 gxf3 35. gxf3 Kg6 36. Rb7 a6 37. Ra7 Nb8 38. Rxf7 Kxf7 39. Kf2 Nd7 40. Kg3 Nf6 41. Nxf6 Kxf6 42. Kg4 Kg6 43. f4 h5+ 44. Kf3 Kf5 45. fxe5 dxe5 46. Be3 Bd6 47. h3 e4+ 48. Ke2 Bf8 49. Kf2 1/2-1/2

[Event "72nd MNE-ch 2020"]
[Site "Podgorica"]
[Date "2020.09.12"]
[Round "3"]
[White "Cadjenovic, Dragan"]
[Black "Bacic, Kristina"]
[Result "1-0"]
[WhiteElo "1841"]
[BlackElo "1856"]
[PlyCount "81"]
[EventDate "2020.09.11"]
[EventType "swiss"]
[EventRounds "9"]
[EventCountry "MNE"]
[TimeControl "5400+30"]

1. e4 c6 2. d4 d5 3. exd5 cxd5 4. c4 Nc6 5. Nf3 Nf6 6. Nc3 Bg4 7. Be2 e6 8. O-O Be7 9. Re1 dxc4 10. Be3 Nd5 11. Bxc4 Nxe3 12. fxe3 O-O 13. Bd3 Qd7 14. a3 Rfd8 15. Qc2 h6 16. Qf2 Bxf3 17. gxf3 f5 18. Rad1 Bf6 19. Qc2 f4 20. d5 Ne5 21. Be4 fxe3 22. Rxe3 Kh8 23. Kh1 Bg5 24. Re2 exd5 25. Bxd5 Qc7 26. Qf5 Nc4 27. Qd3 Nb6 28. Qe4 Nxd5 29. Rxd5 Rxd5 30. Qxd5 Rf8 31. Kg2 Bf4 32. Kh1 Qc8 33. Re6 Bg5 34. Qe4 Qd7 35. Ne2 Qf7 36. Kg2 Qc7 37. h4 Bf6 38. b4 Bb2 39. a4 Qf7 40. Re7 Qf6 41. Rxb7 1-0

[Event "72nd MNE-ch 2020"]
[Site "Podgorica"]
[Date "2020.09.12"]
[Round "3"]
[White "Lakusic, Zoran"]
[Black "Nikcevic, Nebojsa"]
[Result "0-1"]
[WhiteElo "1711"]
[BlackElo "2413"]
[PlyCount "34"]
[EventDate "2020.09.11"]
[EventType "swiss"]
[EventRounds "9"]
[EventCountry "MNE"]
[TimeControl "5400+30"]

1. Nf3 c5 2. c4 Nc6 3. Nc3 g6 4. d4 cxd4 5. Nxd4 Bg7 6. Nxc6 bxc6 7. e4 d6 8. Bd3 Nf6 9. Qa4 Bd7 10. O-O c5 11. Qc2 Ng4 12. Bf4 Ne5 13. Rab1 a5 14. Nd5 Nc6 15. Qd2 Nd4 16. Bg5 f6 17. Bh6 O-O {...} 0-1

[Event "72nd MNE-ch 2020"]
[Site "Podgorica"]
[Date "2020.09.12"]
[Round "3"]
[White "Popovic, Mateja"]
[Black "Pobor, Milo"]
[Result "0-1"]
[WhiteElo "1550"]
[BlackElo "2143"]
[PlyCount "90"]
[EventDate "2020.09.11"]
[EventType "swiss"]
[EventRounds "9"]
[EventCountry "MNE"]
[TimeControl "5400+30"]

1. d4 c5 2. c3 d5 3. Nf3 g6 4. Bf4 Bg7 5. e3 Nf6 6. Nbd2 O-O 7. Be2 Nc6 8. h3 Qb6 9. Qb3 Qd8 10. O-O c4 11. Qd1 b5 12. b3 Bf5 13. a4 a6 14. Ne5 Qb6 15. b4 Nd7 16. a5 Qb7 17. Nxc6 Qxc6 18. Bg4 Bd3 19. Be2 e5 20. Bg3 Bf5 21. Re1 Rae8 22. Bg4 Bxg4 23. hxg4 f5 24. gxf5 gxf5 25. Nf3 e4 26. Ng5 Qg6 27. Nh3 Bh6 28. Bf4 Kh8 29. Bxh6 Qxh6 30. Nf4 Nf6 31. f3 Rg8 32. Ra2 Rg3 33. Rf2 Reg8 34. Kf1 exf3 35. gxf3 Re8 36. Rg2 Rxg2 37. Nxg2 Qh2 38. Kf2 Rg8 39. Rg1 f4 40. exf4 Qg3+ 41. Kf1 Nh5 42. Qe2 Nf6 43. Qf2 Qh3 44. Ke2 Qf5 45. Qe3 Re8 0-1

[Event "72nd MNE-ch 2020"]
[Site "Podgorica"]
[Date "2020.09.13"]
[Round "4"]
[White "Djukic, Nikola"]
[Black "Blagojevic, Dragisa"]
[Result "1/2-1/2"]
[WhiteElo "2525"]
[BlackElo "2492"]
[Annotator "TA"]
[PlyCount "46"]
[EventDate "2020.09.11"]
[EventType "swiss"]
[EventRounds "9"]
[EventCountry "MNE"]

{[%evp 20,46,35,25,31,31,33,29,38,17,12,19,21,10,18,29,38,25,51,73,140,0,47,34,7,0,0,0,0]} 1. e4 e5 2. Nf3 Nc6 3. Bb5 a6 4. Ba4 Nf6 5. O-O Be7 6. Re1 b5 7. Bb3 d6 8. c3 O-O 9. h3 Re8 10. d4 Bb7 11. Nbd2 {[%cal Bb1d2,Bd2f1,Bf1e3][%mdl 32]} exd4 {C92: Closed Ruy Lopez: 9...Be6, Karpov and Flohr-Zaitsev Variations.} 12. cxd4 Nd7 13. Nf1 Na5 {White has an edge.} 14. Bc2 c5 15. Ne3 cxd4 16. Nxd4 Bf8 17. b3 Nf6 18. Bb2 {[#]} Nxe4 $146 ({Predecessor:} 18... g6 19. Qd2 Rc8 20. Rad1 Bxe4 21. Ng4 Nxg4 22. Bxe4 Bh6 23. f4 Nf6 24. Bf5 Ra8 25. Rxe8+ Nxe8 {1-0 (50) Potrata,J (2264)-Hartwich,A (2237) ICCF email 2017}) 19. Ndf5 {[#] aiming for Ng4.} Qg5 ({Black should play} 19... d5) 20. Qg4 (20. f3 $16 Ng3 21. Qd3 Nxf5 22. Nxf5) 20... h5 21. Qxg5 Nxg5 22. Bc3 Nc6 $1 23. Red1 Red8 {Accuracy: White = 90%, Black = 73%.} 1/2-1/2

[Event "72nd MNE-ch 2020"]
[Site "Podgorica"]
[Date "2020.09.13"]
[Round "4"]
[White "Draskovic, Luka"]
[Black "Nikac, Predrag"]
[Result "1-0"]
[WhiteElo "2472"]
[BlackElo "2312"]
[PlyCount "67"]
[EventDate "2020.09.11"]
[EventType "swiss"]
[EventRounds "9"]
[EventCountry "MNE"]
[TimeControl "5400+30"]

1. c4 f5 2. Nc3 Nf6 3. d4 g6 4. h4 Bg7 5. h5 Nxh5 6. e4 fxe4 7. Rxh5 gxh5 8. Qxh5+ Kf8 9. Bh6 d6 10. Nxe4 Qd7 11. Bxg7+ Kxg7 12. Qg5+ Kf8 13. Qh6+ Kg8 14. O-O-O Qe6 15. Qh4 h5 16. Bd3 Rh6 17. Ne2 Qf7 18. Ng5 Qf8 19. Be4 Nc6 20. Rd3 Bg4 21. Rg3 Qxf2 22. Rxg4 Qxe2 23. Bd5+ e6 24. Re4 Qf1+ 25. Re1 Qd3 26. Nxe6 Kh8 27. Qf4 Rg6 28. Nf8 Nb4 29. Nxg6+ Qxg6 30. Be4 Qg7 31. Rh1 Rf8 32. Rxh5+ Kg8 33. Bh7+ Kh8 34. Bf5+ 1-0

[Event "72nd MNE-ch 2020"]
[Site "Podgorica"]
[Date "2020.09.13"]
[Round "4"]
[White "Nikcevic, Nebojsa"]
[Black "Miletic, Vuk"]
[Result "1-0"]
[WhiteElo "2413"]
[BlackElo "2159"]
[PlyCount "43"]
[EventDate "2020.09.11"]
[EventType "swiss"]
[EventRounds "9"]
[EventCountry "MNE"]
[TimeControl "5400+30"]

1. c4 Nf6 2. Nf3 e6 3. g3 d5 4. b3 Be7 5. Bg2 O-O 6. O-O b6 7. Bb2 Bb7 8. e3 c5 9. Nc3 Nc6 10. cxd5 Nxd5 11. Nxd5 Qxd5 12. d4 Rad8 13. Ne5 Qd6 14. dxc5 Qxc5 15. Nd7 Qg5 16. Rc1 Nb8 17. Nxf8 Rxd1 18. Rfxd1 Bxf8 19. Bxb7 Qe7 20. Bf3 Qe8 21. Rc7 a5 22. Bb7 1-0

[Event "72nd MNE-ch 2020"]
[Site "Podgorica"]
[Date "2020.09.13"]
[Round "4"]
[White "Pecurica, Milos"]
[Black "Podlesnik, Bogdan"]
[Result "1/2-1/2"]
[WhiteElo "2359"]
[BlackElo "2354"]
[Annotator "TA"]
[PlyCount "47"]
[EventDate "2020.09.11"]
[EventType "swiss"]
[EventRounds "9"]
[EventCountry "MNE"]

{[%evp 23,47,14,44,42,64,45,50,45,46,40,40,31,86,74,77,87,79,77,126,137,127,102,97,21,25,13]} 1. Nf3 c5 2. c4 Nf6 3. Nc3 e6 4. g3 d5 5. cxd5 Nxd5 6. Bg2 Nc6 7. O-O Be7 8. d4 O-O 9. Nxd5 exd5 10. dxc5 Bxc5 11. Bg5 f6 12. Bd2 Bf5 {[#]} 13. b4 $1 {[%mdl 512] D41: Queen's Gambit Declined: Semi-Tarrasch with 5 cxd5.} Bb6 {[#]} (13... Bxb4 14. Bxb4) 14. a4 $146 {[%cal Ba2a4,Ba4a5][%mdl 32]} ({Predecessor:} 14. b5 Ne7 15. Bb4 Be4 16. Bh3 Kh8 17. Nd4 Re8 18. a4 Bxd4 19. Qxd4 Nf5 20. Qd2 Qb6 21. Rac1 Nd4 22. a5 {1-0 (22) Anand,V (2752)-Timman,J (2616) Prague 2002}) 14... Be4 15. a5 {White is slightly better.} Bc7 16. Bh3 a6 17. Be3 Kh8 (17... Qe7 $14) 18. Nd4 $16 Nxd4 19. Bxd4 Re8 20. Rc1 Bd6 21. Bb6 Qe7 22. Bc5 Rad8 23. Bxd6 (23. Qd4 $16) 23... Qxd6 $11 24. Qd4 {Accuracy: White = 79%, Black = 76%.} 1/2-1/2